| 000 | 05789nam a22005297a 4500 | ||
|---|---|---|---|
| 005 | 20110721155012.0 | ||
| 010 | _aB-427898-922 | ||
| 020 |
_a9780143029366 _c299.00 |
||
| 035 | _aB-427898-922 | ||
| 037 | _bBPPD/PUB | ||
| 037 | _bAllied/DE2010/CR/2777/16.3.11/280/4.3.11/30.3.11 | ||
| 082 | _a641.595416 | ||
| 100 |
_aBrien, Charmaine O' _934110 |
||
| 245 |
_aFlavours of Delhi: _cby Charmaine O'Brien _ba food lover's guide / |
||
| 260 |
_aNew Delhi _bPenguin Books _c2003 |
||
| 270 |
_a11 Community Centre, Panchsheel Park, _bNew Delh _e110017 |
||
| 300 | 2 |
_a284p. . _c17cm(pbk) |
|
| 500 | _aIncludes bibliographical references | ||
| 650 |
_aNovel _9904 |
||
| 942 |
_2ddc _cEN _mBRI _h641.595416 |
||
| 999 |
_c54196 _d54196 |
||